01340cam a2200301 i 450000100090000000300040000900500170001300800410003001000170007102000250008802000220011304000230013504200080015805000220016610000200018824500760020830000480028449000160033250000200034850502170036852002080058565000190079370000220081290600450083494200120087999900150089195201320090617707962OSt20180117085944.0130423s2012 enk 000 0 eng  a 2012537189 a9781119952879 (pbk.) a1119952875 (pbk.) aDLCbengerdacDLC apcc00aBF39b.H2646 20121 aHanna, Donncha.10aPsychology statistics for dummies /cby Donncha Hanna, Martin Dempster. axviii, 444 pages :billustrations ;c24 cm.0 aFor dummies aIncludes index.0 aIntroduction -- Describing data -- Statistical significance -- Relationships between variables -- Analysing independent groups research designs -- Analysing repeated measures research designs -- The part of tens. aIf you want a psychology degree, you'll need to know statistics. This guide makes the knotty world of statistics a lot less baffling. The authors focus on the statistics psychology students need to know. 0aPsychometrics.1 aDempster, Martin. a7bcbccorigresd2encipf20gy-gencatlg 2ddccBK c2560d2560 00102ddc40708NFICaCLbCLcGENd2016-01-28l4o150.15195 HANpS3H-S-169q2024-11-02r2024-07-05s2024-07-05w2016-01-28yBK